| 000 | 00789nac a22002297a 4500 | ||
|---|---|---|---|
| 001 | BR7901542 | ||
| 003 | BR-BrBNA | ||
| 005 | 20240105114410.0 | ||
| 008 | 230509b bl.|||m| |||| 00| 0 por d | ||
| 040 |
_aBR-BrBNA _bpor _cBiblioteca Nacional de Agricultura |
||
| 072 | _aH20 | ||
| 090 | _a1540 BR7901542 | ||
| 110 | 1 | _aCentro de Pesquisa Agropecuaria do Tropico Umido, Belem, PA (Brasil) | |
| 245 | 1 | _aSuperalongamento da mandioca [fungo, Sphacelloma manihoticola, Manihot esculenta] | |
| 260 | 3 |
_aBelem, PA (Brasil): _c1978. |
|
| 300 | _a4 p. | ||
| 490 |
_aComunicado Tecnico - Centro de Pesquisa Agropecuaria do Tropico Umido (Brazil) _vno. 5 _x |
||
| 650 | _aMANDIOCA | ||
| 650 | _aSUPERALONGAMENTO | ||
| 909 |
_a202312 _bLúcia Elande _c55 _dLúcia Elande |
||
| 942 |
_2AGRIS _n0 _cMS |
||
| 999 |
_c269125 _d269125 |
||